La ciencia jovial

محفوظ في:
التفاصيل البيبلوغرافية
المؤلف الرئيسي: Nietzsche, Friedrich (Friedrich Wilhelm) (autor)
التنسيق: كتاب
اللغة:الإسبانية
منشور في: Valparaíso Universidad de Valparaíso 2013
الطبعة:1a. ed
سلاسل:Colección Pensamiento
الموضوعات:
الوسوم: إضافة وسم
لا توجد وسوم, كن أول من يضع وسما على هذه التسجيلة!

MARC

LEADER 00000cam a2200000 a 4500
001 UCE0568
003 CL-VaPUC
005 20230309123502.0
008 140124e20130500cl |||||||||||||||||spa|d
999 |c 354645  |d 354643 
020 |a 9789562141116 
040 |c Pontificia Universidad Católica de Valparaíso 
082 0 4 |a 193  |b NIE  |2 21 
100 |a Nietzsche, Friedrich   |q (Friedrich Wilhelm)   |e autor  |9 880463 
245 1 3 |a La ciencia jovial 
246 1 3 |a La gaya scienza 
250 |a 1a. ed 
260 |a Valparaíso  |b Universidad de Valparaíso  |c 2013 
300 |a 385 p 
490 0 |a Colección Pensamiento 
583 |a last modification  |c 20140124 15:34:00  |k Rodrigo Vera 
650 0 |a Teoría del conocimiento   |9 255038 
650 0 |a Filosofía alemana   |9 265002 
650 7 |a FILOSOFOS ALEMANES  |2 CL-VaPUC  |9 572923 
942 |c BK  |2 ddc 
945 |d 20140124 15:34:00  |a dcastane